| Tag |
First Indicator |
Second Indicator |
Subfields |
| LEADER |
00000cam a2200000 a 4500 |
| 001 |
in00000081766 |
| 005 |
20151008054139.0 |
| 008 |
720515s1971 nyua bs 00010 engm |
| 010 |
|
|
|a 72181826
|
| 035 |
|
|
|a (OCoLC)00320334
|
| 035 |
|
|
|9 AAH9781AM
|
| 040 |
|
|
|a DLC
|c DLC
|d TXA
|d UtOrBLW
|
| 043 |
|
|
|a s-ec---
|
| 049 |
|
|
|a TXAM
|c [1195899]
|
| 050 |
0 |
0 |
|a HN313.5
|b .G65
|
| 082 |
0 |
|
|a 631/.09866
|
| 100 |
1 |
|
|a Gore, Peter H.,
|d 1941-
|
| 245 |
1 |
4 |
|a The highland campesino, backward peasant or reluctant pawn :
|b a study of the social and economic factors affecting small farmer modernization in four highland Ecuadorian communities /
|c by Peter H. Gore.
|
| 264 |
|
1 |
|a [Ithaca? N.Y.] :
|b Cornell University, Latin American Studies Program,
|c 1971.
|
| 300 |
|
|
|a xiv, 214 pages :
|b illustrations ;
|c 28 cm.
|
| 336 |
|
|
|a text
|b txt
|2 rdacontent
|
| 337 |
|
|
|a unmediated
|b n
|2 rdamedia
|
| 338 |
|
|
|a volume
|b nc
|2 rdacarrier
|
| 490 |
1 |
|
|a Latin American Studies Program, Cornell University ;
|v no. 28
|
| 500 |
|
|
|a Vita.
|
| 502 |
|
|
|b Ph. D.
|c Cornell University
|d 1971.
|
| 504 |
|
|
|a Bibliography: pages 208-214.
|
| 650 |
|
0 |
|a Agricultural innovations
|z Ecuador.
|
| 650 |
|
0 |
|a Diffusion of innovations
|z Ecuador.
|
| 651 |
|
0 |
|a Ecuador
|x Rural conditions.
|
| 830 |
|
0 |
|a Dissertation series (Cornell University. Latin American Studies Program) ;
|v no. 28.
|
| 999 |
|
|
|a MARS
|
| 999 |
f |
f |
|s 1f9c2f81-f788-3898-bc2e-db3e9f6e253e
|i 54143fb1-83a0-3b69-af88-3c513de8c952
|t 0
|
| 952 |
f |
f |
|p ric
|a Texas A&M University
|b Rellis Campus
|c Joint Library Facility
|d Remote Storage
|t 0
|e HN313.5 .G65
|h Library of Congress classification
|i unmediated -- volume
|m A14806140936
|
| 998 |
f |
f |
|a HN313.5 .G65
|t 0
|l Remote Storage
|